[Event "V Sunway Sitges Open 2018"]
[Site "Sitges"]
[Date "2018.12.23"]
[Round "15"]
[White "Inarkiev, Ernesto"]
[Black "Sasikiran, Krishnan"]
[Result "1-0"]
[WhiteElo "2717"]
[BlackElo "2673"]
[Annotator "TA"]
[PlyCount "81"]
[EventDate "2018.12.14"]
[EventType "swiss"]
[EventCountry "ESP"]
[SourceTitle "playchess.com"]
[Source "ChessBase"]
[SourceQuality "1"]

{[%evp 17,81,-14,-15,-29,-35,-42,-45,-46,-50,-35,-13,-33,-29,-25,-29,-49,-25,-31,-34,-50,-33,-31,-22,-27,-6,-15,0,-3,0,0,0,-32,-10,-27,0,-28,-8,-8,0,0,0,0,0,-51,108,109,188,182,175,175,202,197,190,187,222,224,368,136,135,127,5310,4990,29986,29980,29980,29979]} 1. d4 Nf6 2. Nf3 g6 3. Bg5 Bg7 4. Nbd2 O-O 5. e4 d5 6. e5 Ne4 7. Be3 c5 {A48: 1 d4 Nf6 2 Nf3 g6: Torre, London and Colle Systems} 8. c3 cxd4 9. cxd4 Nc6 {LiveBook: 9 Games. The position is equal.} 10. Bd3 (10. Be2 Qb6 11. Qb3 Nxd2 12. Nxd2 Qxb3 13. Nxb3 f6 14. Bf3 e6 15. exf6 Bxf6 {0-1 (47) Matuszewski,M (2459)-Piorun,K (2523) Zabrze 2015}) 10... Bf5 11. Qe2 f6 $146 {[%cal Rf6e5]} ({Predecessor:} 11... Nxd2 12. Qxd2 Bxd3 13. Qxd3 Qa5+ 14. Bd2 Qb6 15. Bc3 Bh6 16. O-O Rac8 17. h4 Nd8 18. g3 Qe6 19. Kg2 {½-½ (19) Van Gelder,B (2221)-Van Kooten,L (2284) Amsterdam 2004}) 12. exf6 exf6 13. O-O Qd7 14. Rac1 Rfe8 15. Nb3 Rac8 16. Rfd1 Qf7 17. Bb5 Nd6 18. Bxc6 bxc6 19. Na5 Qd7 20. h3 Nb7 21. Nb3 Nd6 22. Nc5 Qf7 23. b3 g5 24. Ne1 {[%cal Bf3e1,Be1d3,Bd3c5][%mdl 32]} h5 25. Ned3 Bf8 26. Qf1 Ne4 27. Nxe4 dxe4 28. Nc5 Bd6 29. Qa6 Bb8 30. Qa5 (30. Qc4 $11) 30... h4 $2 {[#]} (30... Qd5 $15) 31. Na6 $1 $16 Be6 (31... Bd7 $16) 32. Nxb8 $18 {[%mdl 64] Overworked Piece} Rxb8 33. Rxc6 g4 34. hxg4 Bxg4 35. Rdc1 Qg6 36. Kh2 h3 (36... Rb7 {was called for.} 37. Rc7 Rxc7 38. Qxc7 (38. Rxc7 Kh8 $16) 38... Be6) 37. Rg1 $2 (37. gxh3 $18 {is more deadly. And now Rg1 would win.} Qh5 38. Qxh5 Bxh5 39. Rxf6) 37... hxg2 $16 38. Rxg2 {[#] aiming for Rxf6!} Qh7+ $2 {[%mdl 8192]} (38... Re7 $16 39. Kg1 Rh7 40. Qd5+ Kh8) 39. Kg1 $18 f5 40. Rxg4+ fxg4 41. Qg5+ {[%mdl 64] Double Attack. Accuracy: White = 56%, Black = 32%.} 1-0

[Event "V Sunway Sitges Open 2018"]
[Site "Sitges"]
[Date "2018.12.23"]
[Round "16"]
[White "Inarkiev, Ernesto"]
[Black "Sasikiran, Krishnan"]
[Result "1-0"]
[WhiteElo "2717"]
[BlackElo "2673"]
[Annotator "TA"]
[PlyCount "82"]
[EventDate "2018.12.14"]
[EventType "swiss"]
[EventCountry "ESP"]
[SourceTitle "playchess.com"]
[Source "ChessBase"]
[SourceQuality "1"]

{[%evp 9,82,43,43,43,39,39,29,33,44,41,54,48,44,-29,-31,-62,-72,-53,-72,-210,-195,-243,-229,-358,-360,-351,-336,-340,-337,-426,-419,-448,-415,-421,-377,-344,-271,-408,-388,-477,-345,-388,-395,-365,-390,-491,-407,-409,-405,-550,-535,-503,-458,-536,-444,-437,-388,-971,-944,-971,-971,-914,-897,-876,-869,-1043,-1031,-991,-991,-975,-984,-899,-903,-832,-493]} 1. d4 d5 2. Nf3 Nf6 3. Bf4 g6 4. e3 Nh5 (4... Bg7 5. h3 O-O 6. Nbd2 c5 7. c3 Nc6 8. Be2 Nd7 9. O-O e5 10. dxe5 Ndxe5 11. Nxe5 Nxe5 12. Nf3 Nc6 13. Qb3 c4 14. Qa3 Be6 15. Rfd1 {½-½ (51) Dominguez Perez,L (2739)-Mamedyarov,S (2768) Doha 2016}) 5. Be5 f6 6. Bg3 $1 {D02: 1 d4 d5 2 Nf3 sidelines, including 2...Nf6 3 g3 and 2...Nf6 3 Bf4} Nxg3 7. hxg3 Bg7 8. c4 {White has an edge.} c6 9. Nc3 e6 10. Bd3 {Threatens to win with Rxh7!} f5 11. g4 (11. Ne2 $14) 11... fxg4 $11 12. Ne5 $146 Bxe5 $1 13. dxe5 Qg5 14. Qc2 (14. f4 $17 {is a better defense.} gxf3 {[%mdl 64] Discovered Attack} 15. Qxf3) 14... O-O $19 15. O-O-O Nd7 16. f4 (16. Kb1 {was called for.}) 16... gxf3 17. gxf3 {And now f4 would win.} Qxe3+ (17... Rxf3 18. Qh2 $19) 18. Kb1 {Black must now prevent Qh2.} Nxe5 {[%mdl 64] Double Attack} 19. Qh2 {[%csl Gh1][%cal Rh2h7]} Rf7 20. Bc2 Qf4 21. Qh3 Bd7 22. Rdg1 Kf8 {Strongly threatening ...Rc8.} 23. Ne2 (23. Bxg6 $142 Nxg6 24. Rxg6 $1 {[%mdl 512]}) 23... Qf6 24. cxd5 cxd5 25. f4 Nc4 {[%csl Gc4][%cal Rf6b2]} 26. Nc3 {Now Bxg6! and White clings on.} Rc8 ({Weaker is} 26... Qxf4 {[#]} 27. Bxg6 $1 {[%mdl 512]} e5 28. Nxd5 $19) 27. Rg2 b5 {[%cal Bb7b5,Bb5b4][%mdl 32]} 28. Qh6+ Qg7 29. Qh3 b4 30. Nd1 Qd4 {Hoping for ...Nd2+.} 31. Qh6+ Ke8 {[%cal Bf8e8,Be8d8,Bd8c7][%mdl 32]} 32. Qh2 Kd8 33. Bxg6 $2 (33. Qh4+ Kc7 34. Qe1) 33... hxg6 {Black is clearly winning.} 34. Qh8+ Qxh8 35. Rxh8+ Kc7 36. Rxc8+ Kxc8 37. Rxg6 Rxf4 38. b3 Na3+ 39. Kc1 Re4 40. Nf2 Re2 41. Nd3 Rc2+ {[%mdl 32768] Accuracy: White = 30%, Black = 85%. . Loss on time!?} 1-0